[Event "London Classic op U1825 11th"]
[Site "London"]
[Date "2019.12.01"]
[Round "5"]
[White "Pepe, Salvatore"]
[Black "Acharya, Kandara"]
[Result "1-0"]
[WhiteElo "1625"]
[BlackElo "1413"]
[PlyCount "101"]
[EventDate "2019.11.29"]
[EventType "swiss"]
[EventRounds "5"]
[EventCountry "ENG"]
[SourceTitle "CBM 195 Extra"]
[Source "ChessBase"]
[SourceDate "2020.05.31"]
[SourceVersion "1"]
[SourceVersionDate "2020.05.31"]
[SourceQuality "1"]

1. d4 Nf6 2. Bf4 g6 3. c3 Bg7 4. Nf3 0-0 5. Nbd2 d6 6. e3 c5 7. Be2 a6 8. a4 Nbd7 9. h3 b6 10. 0-0 Bb7 11. Bg5 Bc6 12. c4 cxd4 13. exd4 e6 14. Re1 d5 15. Bf1 dxc4 16. Nxc4 Bd5 17. Nce5 Qc7 18. Rc1 Qb7 19. Re3 Bxf3 20. Rxf3 Nd5 21. Qe2 Nxe5 22. dxe5 Rfc8 23. Rxc8+ Qxc8 24. Bh4 Qc5 25. Rb3 Nf4 26. Qe4 Nd5 27. Bc4 Ra7 28. Bg3 Nc7 29. Rd3 b5 30. Rd8+ Bf8 31. Bb3 Qc1+ 32. Kh2 Qxb2 33. Qc6 Kg7 34. Bd1 Nd5 35. Qe8 Qb4 36. axb5 axb5 37. Bf3 Qe7 38. Bh4 Qxe8 39. Rxe8 Bc5 40. Bxd5 exd5 41. Bf6+ Kh6 42. f4 Be3 43. Kg3 Ra4 44. Bg5+ Kg7 45. Kf3 d4 46. Bf6+ Kh6 47. g4 Ra1 48. g5+ Kh5 49. Rh8 Rf1+ 50. Kg2 Rg1+ 51. Kh2 1-0

[Event "Hampstead op U1900 34th"]
[Site "Hampstead"]
[Date "2015.11.28"]
[Round "1"]
[White "Sahinoz, Giulio O"]
[Black "Pepe, Salvatore"]
[Result "0-1"]
[WhiteElo "1414"]
[BlackElo "1660"]
[PlyCount "86"]
[EventDate "2015.11.28"]
[EventType "swiss"]
[EventRounds "5"]
[EventCountry "ENG"]
[SourceTitle "EXT 2018"]
[Source "ChessBase"]
[SourceDate "2017.10.13"]
[SourceVersion "1"]
[SourceVersionDate "2017.10.13"]
[SourceQuality "1"]

1. d4 g6 2. c4 Bg7 3. Nc3 d6 4. Nf3 Nd7 5. Bf4 e6 6. e3 h6 7. h3 a6 8. Bd3 Ngf6 9. 0-0 b6 10. Qc2 g5 11. Bh2 Bb7 12. Be2 g4 13. hxg4 Nxg4 14. Bg3 h5 15. Nh2 Nxh2 16. Bxh2 Qg5 17. f3 Qxe3+ 18. Kh1 Qxd4 19. Rad1 Qh4 20. Kg1 Bd4+ 21. Kh1 Bf2 22. Ne4 Bxe4 23. Qxe4 Qxe4 24. fxe4 Bc5 25. Bf3 e5 26. a3 a5 27. Rb1 a4 28. Bg1 Bxg1 29. Kxg1 Nc5 30. Rbd1 Ke7 31. Be2 Nxe4 32. Bf3 Ng3 33. Bxa8 Nxf1 34. Bc6 Ne3 35. Rc1 Rg8 36. Kf2 Ng4+ 37. Ke2 Nf6 38. Kf3 Rg4 39. Bxa4 Rd4 40. Rc2 h4 41. Bc6 Rd3+ 42. Ke2 Rg3 43. Bf3 e4 0-1

[Event "London Golders Green op U1900 3rd"]
[Site "London"]
[Date "2014.05.05"]
[Round "5"]
[White "Pepe, Salvatore"]
[Black "Lim, Peter Yu Chin"]
[Result "0-1"]
[WhiteElo "1692"]
[BlackElo "1642"]
[PlyCount "100"]
[EventDate "2014.05.03"]
[EventType "swiss"]
[EventRounds "6"]
[EventCountry "ENG"]
[SourceTitle "EXT 2018"]
[Source "ChessBase"]
[SourceDate "2017.10.13"]
[SourceVersion "1"]
[SourceVersionDate "2017.10.13"]
[SourceQuality "1"]

1. d4 d5 2. Nf3 Nf6 3. c4 c6 4. e3 Bf5 5. Nc3 Nbd7 6. h3 h6 7. Bd3 Bxd3 8. Qxd3 e6 9. a3 Bd6 10. e4 dxe4 11. Nxe4 Nxe4 12. Qxe4 Nf6 13. Qe2 0-0 14. 0-0 Bc7 15. Rd1 Nh5 16. Ne5 Qh4 17. Qf3 Rad8 18. g4 Bxe5 19. gxh5 Bxd4 20. Bf4 Qf6 21. Qg3 e5 22. Be3 c5 23. Rab1 Bxe3 24. fxe3 Rxd1+ 25. Rxd1 Qf5 26. Qg4 Qc2 27. b4 f5 28. Qf3 e4 29. Qf1 Qc3 30. Qe2 cxb4 31. Rd7 bxa3 32. Rxb7 a2 33. Qxa2 Qxe3+ 34. Kh2 Qf4+ 35. Kh1 Qg3 36. c5+ Kh8 37. c6 Qxh3+ 38. Kg1 Qg4+ 39. Qg2 Qxg2+ 40. Kxg2 Re8 41. c7 Kh7 42. Rxa7 g6 43. hxg6+ Kxg6 44. Kg3 Kg5 45. Rb7 h5 46. Kh3 Kf4 47. Kh4 e3 48. Kxh5 e2 49. Rb4+ Kf3 50. Rb3+ Kf2 0-1

[Event "London Golders Green op U1900 3rd"]
[Site "London"]
[Date "2014.05.04"]
[Round "3"]
[White "Pepe, Salvatore"]
[Black "Baroukh, Leon"]
[Result "0-1"]
[WhiteElo "1692"]
[BlackElo "1598"]
[PlyCount "54"]
[EventDate "2014.05.03"]
[EventType "swiss"]
[EventRounds "6"]
[EventCountry "ENG"]
[SourceTitle "EXT 2018"]
[Source "ChessBase"]
[SourceDate "2017.10.13"]
[SourceVersion "1"]
[SourceVersionDate "2017.10.13"]
[SourceQuality "1"]

1. d4 d5 2. Nf3 Nc6 3. c4 Nf6 4. Nc3 Bg4 5. Ne5 Nxe5 6. dxe5 Nd7 7. Qxd5 e6 8. Qd4 Bf5 9. Bf4 Bc5 10. Qd2 Qh4 11. g3 Qh5 12. Bg2 0-0-0 13. Qc1 Nb6 14. a3 h6 15. Ne4 Bxe4 16. Bxe4 Rd4 17. Bf3 Qf5 18. b3 Rhd8 19. 0-0 h5 20. Be3 h4 21. Bxd4 hxg3 22. hxg3 Bxd4 23. Qb1 Qh3 24. Qe4 Rh8 25. Qxb7+ Kd8 26. Rfd1 Qxg3+ 27. Bg2 Qxf2# 0-1

[Event "London Golders Green op U1900 3rd"]
[Site "London"]
[Date "2014.05.04"]
[Round "4"]
[White "Sivarajasingam, Venetia"]
[Black "Pepe, Salvatore"]
[Result "0-1"]
[WhiteElo "1287"]
[BlackElo "1692"]
[PlyCount "82"]
[EventDate "2014.05.03"]
[EventType "swiss"]
[EventRounds "6"]
[EventCountry "ENG"]
[SourceTitle "EXT 2018"]
[Source "ChessBase"]
[SourceDate "2017.10.13"]
[SourceVersion "1"]
[SourceVersionDate "2017.10.13"]
[SourceQuality "1"]

1. e4 g6 2. d4 Bg7 3. Nf3 d6 4. Nc3 Nd7 5. Bc4 e6 6. 0-0 a6 7. Bg5 Ne7 8. Qd2 h6 9. Be3 b5 10. Bd3 Bb7 11. b4 Nf6 12. h3 g5 13. a4 c6 14. Rfe1 g4 15. hxg4 Nxg4 16. Nh2 Nxh2 17. Kxh2 Ng6 18. Rh1 e5 19. d5 cxd5 20. Nxd5 Bxd5 21. exd5 e4 22. Be2 Be5+ 23. Kg1 Bxa1 24. axb5 Qf6 25. bxa6 Bc3 26. Qc1 Bxb4 27. Bxh6 Bc5 28. Bb5+ Ke7 29. Be3 Rxh1+ 30. Kxh1 Bxe3 31. Qxe3 Qa1+ 32. Kh2 Qe5+ 33. Kg1 Qxd5 34. Qb6 Ne5 35. Qc7+ Kf6 36. Qb6 Rg8 37. g3 e3 38. Bf1 Nf3+ 39. Kg2 Rh8 40. Bc4 Rh2+ 41. Kf1 Qd1# 0-1

[Event "London Golders Green op U1900 3rd"]
[Site "London"]
[Date "2014.05.03"]
[Round "1"]
[White "Pepe, Salvatore"]
[Black "O'Gorman, Brendan"]
[Result "1/2-1/2"]
[WhiteElo "1692"]
[BlackElo "1842"]
[PlyCount "150"]
[EventDate "2014.05.03"]
[EventType "swiss"]
[EventRounds "6"]
[EventCountry "ENG"]
[SourceTitle "EXT 2018"]
[Source "ChessBase"]
[SourceDate "2017.10.13"]
[SourceVersion "1"]
[SourceVersionDate "2017.10.13"]
[SourceQuality "1"]

1. d4 Nf6 2. Nf3 d5 3. c4 c6 4. e3 Bf5 5. Nc3 e6 6. a3 Nbd7 7. h3 h6 8. Bd3 Bxd3 9. Qxd3 Be7 10. 0-0 0-0 11. e4 dxe4 12. Nxe4 Nxe4 13. Qxe4 Nf6 14. Qe2 c5 15. dxc5 Bxc5 16. b4 Be7 17. Bb2 Qc7 18. Be5 Qc6 19. Rfe1 Rfd8 20. Nd4 Qa4 21. Qf3 Rd7 22. Nb3 Qc6 23. Qxc6 bxc6 24. Na5 Rc8 25. Rad1 Rxd1 26. Rxd1 c5 27. b5 Rd8 28. Rxd8+ Bxd8 29. Nc6 Bb6 30. Bb8 Nd7 31. Bxa7 Bxa7 32. Nxa7 Nb6 33. Kf1 Nxc4 34. a4 Kf8 35. Nc6 Ke8 36. Ke2 Kd7 37. a5 Nd6 38. Na7 Nc4 39. Nc6 Nd6 40. Ne5+ Kc7 41. b6+ Kb7 42. Kd3 Ka6 43. Nc4 Nb7 44. Kc3 Nd8 45. Kb3 Kb5 46. f4 Nb7 47. Kc3 Nd8 48. g4 Nc6 49. b7 Ka6 50. Nd6 Kxa5 51. Nxf7 Kb6 52. Nd8 Nb8 53. Kc4 Nd7 54. Nxe6 Kxb7 55. Nxg7 Kc6 56. Nf5 Nb6+ 57. Kd3 Nd5 58. Ke4 c4 59. Nd4+ Kd6 60. g5 hxg5 61. fxg5 Ne7 62. h4 c3 63. Nb5+ Ke6 64. Nxc3 Nf5 65. Nd5 Nxh4 66. Nf4+ Kf7 67. Kd5 Ng6 68. Nh3 Ne7+ 69. Ke5 Ng6+ 70. Kd6 Ne7 71. Nf4 Ng6 72. Nd5 Nh4 73. Ne7 Ng6 74. Nf5 Nf8 75. Ke5 Kg6 1/2-1/2

[Event "Hampstead op U2200 12"]
[Site "Hampstead"]
[Date "2013.12.22"]
[Round "5"]
[White "Pepe, Salvatore"]
[Black "Olutola, Taiwo"]
[Result "1-0"]
[WhiteElo "1710"]
[BlackElo "1503"]
[PlyCount "57"]
[EventDate "2013.12.21"]
[EventType "swiss"]
[EventRounds "5"]
[EventCountry "ENG"]
[SourceTitle "EXT 2015"]
[Source "ChessBase"]
[SourceDate "2014.11.20"]
[SourceVersion "1"]
[SourceVersionDate "2014.11.20"]
[SourceQuality "1"]

1. d4 d5 2. Nf3 Nf6 3. c4 e6 4. e3 b6 5. Bd3 Bd6 6. 0-0 0-0 7. Nc3 dxc4 8. Bxc4 Nbd7 9. Qe2 Bb7 10. Rd1 a6 11. a3 b5 12. Ba2 Qe7 13. e4 e5 14. dxe5 Nxe5 15. Nxe5 Qxe5 16. f4 Bc5+ 17. Kh1 Qe8 18. b4 Ba7 19. e5 Qc6 20. Bb2 Ne4 21. Nxe4 Qxe4 22. Qxe4 Bxe4 23. Rd7 Rad8 24. Rad1 Rxd7 25. Rxd7 Bf5 26. e6 Rc8 27. Rxf7 Rd8 28. Rxg7+ Kh8 29. Rd7+ 1-0

[Event "Hampstead op U2200 11-A"]
[Site "Hampstead"]
[Date "2013.11.24"]
[Round "5"]
[White "Golding, Alex"]
[Black "Pepe, Salvatore"]
[Result "1-0"]
[WhiteElo "1677"]
[BlackElo "1726"]
[PlyCount "75"]
[EventDate "2013.11.23"]
[EventType "swiss"]
[EventRounds "5"]
[EventCountry "ENG"]
[SourceTitle "EXT 2015"]
[Source "ChessBase"]
[SourceDate "2014.11.20"]
[SourceVersion "1"]
[SourceVersionDate "2014.11.20"]
[SourceQuality "1"]

1. e4 g6 2. d4 Bg7 3. Nf3 d6 4. c4 Nd7 5. Nc3 e6 6. Be3 Ne7 7. Be2 h6 8. 0-0 b6 9. Rc1 Bb7 10. b4 a5 11. a3 Nf6 12. d5 axb4 13. axb4 Ng4 14. Qd2 Nxe3 15. Qxe3 Ra3 16. Nd4 e5 17. Nc2 Ra8 18. c5 f5 19. f3 g5 20. Nb5 bxc5 21. bxc5 f4 22. Qc3 0-0 23. Qb4 Rf6 24. Nca3 Ba6 25. Rf2 Rb8 26. Qa5 Bxb5 27. Nxb5 Rb7 28. cxd6 Nc8 29. dxc7 Qd7 30. d6 Bf8 31. Bc4+ Kg7 32. Rd2 Bxd6 33. Nxd6 Rxd6 34. Qxe5+ Kh7 35. Rxd6 Nxd6 36. Be6 Qe7 37. Bf5+ Nxf5 38. Qxf5+ 1-0